| 000 | 00570cam a2200229ua 4500 | ||
|---|---|---|---|
| 020 | _c225.00 | ||
| 041 |
_aeng _h |
||
| 082 |
_a621.4022 _bSUK/TE |
||
| 100 | _aSukhatme, S.P . | ||
| 245 |
_aText book on heat transfer / _cS.P.Sukhatme. _hTextual Documents |
||
| 250 |
_a3 / _b. |
||
| 260 |
_aHyderabad : _bUniversities press India Pvt Ltd , _c2004. |
||
| 300 | _a260 ; . | ||
| 365 | _a225.00 | ||
| 500 | _a20894-Scheme | ||
| 504 | _a | ||
| 942 | _cBK | ||
| 999 |
_c12188 _d12188 |
||